000 00788cam a22002653a 4500
001 1675
003 PGUSA
005 20140828083005.0
008 990301s1999||||xxu|||||s|||||000 | eng d
040 _aPGUSA
_beng
042 _adc
050 4 _aDS
100 1 _aBrown, Arthur Judson,
_d1856-1963
245 1 0 _aNew Forces in Old China :
_bAn Inevitable Awakening
_h[electronic resource] /
_cArthur Judson Brown
260 _bProject Gutenberg,
_c1999
506 _aPublic domain in the USA.
516 _aElectronic text
653 _aChina -- Politics and government
653 _aMissions -- China
653 _aChina -- Foreign relations
653 _aChina -- Commerce
830 0 _aProject Gutenberg
_v1675
856 4 0 _uhttp://www.gutenberg.org/ebooks/1675
942 _cEB
999 _c231021
_d231021